[Event "Hessenliga 1415"]
[Site "Hessen"]
[Date "2015.03.01"]
[Round "7.4"]
[White "Holzschuh, Gerald"]
[Black "Kraft, Wolfgang"]
[Result "0-1"]
[WhiteElo "2113"]
[BlackElo "2134"]
[PlyCount "79"]
[EventDate "2014.09.28"]
[EventType "team-tourn"]
[EventRounds "9"]
[EventCountry "GER"]
[SourceTitle "EXT 2016"]
[Source "ChessBase"]
[SourceDate "2015.10.08"]
[SourceVersion "1"]
[SourceVersionDate "2015.10.08"]
[SourceQuality "1"]
[WhiteTeam "Bad Nauheim"]
[BlackTeam "Dettingen"]
[WhiteTeamCountry "GER"]
[BlackTeamCountry "GER"]

1. e4 c5 2. c3 d6 3. d4 Qc7 4. Be3 Nf6 5. f3 g6 6. g4 Bg7 7. Qd2 Nc6 8. d5 Ne5 9. h3 a6 10. a4 e6 11. c4 exd5 12. cxd5 0-0 13. Nc3 Re8 14. Be2 Qa5 15. Ra3 Qc7 16. Kf2 Rb8 17. Kg2 b6 18. Bh6 Bh8 19. h4 Bxg4 20. fxg4 Nexg4 21. Bg5 h5 22. Qf4 Qd7 23. Bxa6 Nh7 24. Bb5 Qc8 25. Bxe8 Qxe8 26. Nf3 Qd7 27. Qg3 Nxg5 28. Nxg5 Be5 29. Qh3 Re8 30. Rf1 f6 31. Ne6 Rxe6 32. dxe6 Qxe6 33. Nd1 d5 34. Nf2 dxe4 35. Nxe4 Bxb2 36. Re3 Qd5 37. Re2 Bd4 38. Qf3 Kg7 39. Nxf6 Nxf6 40. Qxd5 0-1

[Event "Heusenstamm Schloss op 1st"]
[Site "Heusenstamm"]
[Date "2014.11.23"]
[Round "6"]
[White "Holzschuh, Gerald"]
[Black "Zirlik, Rudi"]
[Result "1/2-1/2"]
[WhiteElo "2118"]
[BlackElo "1993"]
[PlyCount "56"]
[EventDate "2014.11.20"]
[EventType "swiss"]
[EventRounds "7"]
[EventCountry "GER"]
[SourceTitle "CBM 163 Extra"]
[Source "ChessBase"]
[SourceDate "2014.12.23"]
[SourceVersion "1"]
[SourceVersionDate "2014.12.23"]
[SourceQuality "1"]

1. e4 c5 2. c3 d5 3. exd5 Qxd5 4. d4 Nc6 5. Nf3 Bg4 6. Be2 cxd4 7. cxd4 Nf6 8. Nc3 Qd8 9. h3 Bxf3 10. Bxf3 e6 11. 0-0 Be7 12. d5 exd5 13. Nxd5 Nxd5 14. Bxd5 0-0 15. Be3 Bf6 16. Bxc6 bxc6 17. Qc2 Qa5 18. Bc5 Rfe8 19. b4 Qb5 20. a4 Re2 21. axb5 Rxc2 22. bxc6 Bxa1 23. Rxa1 Rxc5 24. bxc5 Kf8 25. c7 Ke8 26. Rxa7 Rc8 27. f4 Kd7 28. Kf2 Kc6 1/2-1/2

[Event "Heusenstamm Schloss op 1st"]
[Site "Heusenstamm"]
[Date "2014.11.22"]
[Round "4"]
[White "Holzschuh, Gerald"]
[Black "Rolf, Marco"]
[Result "1/2-1/2"]
[WhiteElo "2118"]
[BlackElo "1985"]
[PlyCount "170"]
[EventDate "2014.11.20"]
[EventType "swiss"]
[EventRounds "7"]
[EventCountry "GER"]
[SourceTitle "CBM 163 Extra"]
[Source "ChessBase"]
[SourceDate "2014.12.23"]
[SourceVersion "1"]
[SourceVersionDate "2014.12.23"]
[SourceQuality "1"]

1. e4 e6 2. d4 d5 3. exd5 exd5 4. Nf3 Bg4 5. c4 Bb4+ 6. Nc3 Nf6 7. h3 Bh5 8. Be2 0-0 9. 0-0 Bxc3 10. bxc3 Re8 11. g4 Bg6 12. Bg5 Qd6 13. Bxf6 gxf6 14. cxd5 Qxd5 15. Nh4 Nc6 16. Nxg6 hxg6 17. Bf3 Qc4 18. Qb3 Qd3 19. Kg2 Na5 20. Qa4 Nc4 21. Rfd1 Nd2 22. Bxb7 Rab8 23. Rac1 Re6 24. Qc2 Qc4 25. Qxd2 Re2 26. Qf4 Rxb7 27. Qxf6 Rbb2 28. Rf1 Qxa2 29. Rce1 Qd5+ 30. Kg1 Qe4 31. Rxe2 Rxe2 32. Qd8+ Kg7 33. Qxc7 Qf3 34. Qg3 Qxg3+ 35. fxg3 Re3 36. Rc1 Rxg3+ 37. Kh2 Rd3 38. g5 f6 39. Ra1 fxg5 40. Rxa7+ Kf6 41. Rc7 Kf5 42. Kg2 g4 43. hxg4+ Kxg4 44. Kf2 Kf4 45. Ke2 Rh3 46. Rf7+ Ke4 47. Re7+ Kd5 48. Re3 Rh1 49. Kd3 Rd1+ 50. Kc2 Rg1 51. Re5+ Kd6 52. c4 g5 53. Kd3 g4 54. c5+ Kc6 55. Re6+ Kd7 56. Rd6+ Kc7 57. Rg6 g3 58. Ke4 g2 59. Kd5 Kb8 60. Rg7 Ka8 61. Rg8+ Ka7 62. c6 Kb6 63. Rg7 Rh1 64. c7 g1Q 65. Rxg1 Rh5+ 66. Kd6 Rh6+ 67. Kd7 Rh7+ 68. Kd6 Rh6+ 69. Ke5 Rh5+ 70. Kd6 Rh6+ 71. Kd5 Rh5+ 72. Kc4 Kxc7 73. Rg6 Kd7 74. Rb6 Rg5 75. Rh6 Rf5 76. Kd3 Ra5 77. Ke4 Rb5 78. Rh7+ Kd6 79. Rf7 Ke6 80. Ra7 Rh5 81. Ra6+ Kd7 82. d5 Rh1 83. Ra7+ Kd6 84. Ra6+ Kd7 85. Ra7+ Kd6 1/2-1/2

[Event "Heusenstamm Schloss op 1st"]
[Site "Heusenstamm"]
[Date "2014.11.22"]
[Round "5"]
[White "Schultze, Joerg Martin"]
[Black "Holzschuh, Gerald"]
[Result "1/2-1/2"]
[WhiteElo "2011"]
[BlackElo "2118"]
[PlyCount "108"]
[EventDate "2014.11.20"]
[EventType "swiss"]
[EventRounds "7"]
[EventCountry "GER"]
[SourceTitle "CBM 163 Extra"]
[Source "ChessBase"]
[SourceDate "2014.12.23"]
[SourceVersion "1"]
[SourceVersionDate "2014.12.23"]
[SourceQuality "1"]

1. d4 d5 2. c4 e6 3. Nc3 c5 4. e3 Nf6 5. Nf3 Nc6 6. Be2 a6 7. 0-0 Bd6 8. b3 0-0 9. Bb2 dxc4 10. bxc4 Qe7 11. d5 Ne5 12. Nxe5 Bxe5 13. f4 Bxc3 14. Bxc3 exd5 15. Bxf6 Qxf6 16. cxd5 Re8 17. Qd2 b5 18. Bf3 Bf5 19. Rfe1 Rad8 20. Rac1 c4 21. e4 Qb6+ 22. Qf2 Qxf2+ 23. Kxf2 Bc8 24. Re3 Bb7 25. g4 f6 26. a4 Rc8 27. e5 Rc5 28. d6 Bc8 29. Rd1 c3 30. Bd5+ Kf8 31. e6 Rxd5 32. Rxd5 c2 33. Rc5 Bxe6 34. Rxc2 Bxg4 35. axb5 axb5 36. Rb2 Bd7 37. Rxe8+ Kxe8 38. Ke3 g5 39. fxg5 fxg5 40. Kd4 h5 41. Ke5 g4 42. Ra2 h4 43. Ra8+ Kf7 44. Ra7 Ke8 45. Kf6 Kd8 46. Ra8+ Bc8 47. Rb8 g3 48. hxg3 hxg3 49. Rxb5 Kd7 50. Ke5 g2 51. Rb1 Ba6 52. Rg1 Bb7 53. Ra1 Ba6 54. Rg1 Bb7 1/2-1/2

[Event "Heusenstamm Schloss op 1st"]
[Site "Heusenstamm"]
[Date "2014.11.21"]
[Round "2"]
[White "Holzschuh, Gerald"]
[Black "Klyszcz, Michael"]
[Result "1-0"]
[WhiteElo "2118"]
[BlackElo "1969"]
[PlyCount "117"]
[EventDate "2014.11.20"]
[EventType "swiss"]
[EventRounds "7"]
[EventCountry "GER"]
[SourceTitle "CBM 163 Extra"]
[Source "ChessBase"]
[SourceDate "2014.12.23"]
[SourceVersion "1"]
[SourceVersionDate "2014.12.23"]
[SourceQuality "1"]

1. e4 e6 2. d4 d5 3. exd5 exd5 4. Nf3 Nc6 5. c3 Nf6 6. Bd3 Be7 7. 0-0 0-0 8. Re1 Bg4 9. Nbd2 Re8 10. Nf1 Bh5 11. Ng3 Bg6 12. Nf5 Ne4 13. Nxe7+ Rxe7 14. Bf4 Re6 15. h3 Qd7 16. Nh4 Nxf2 17. Kxf2 Rxe1 18. Kxe1 Qe7+ 19. Kf1 Qxh4 20. Bxc7 Re8 21. Bxg6 hxg6 22. Qf3 Qg5 23. Bf4 Qf5 24. Rc1 Re4 25. Bd2 Qe6 26. b3 Qd6 27. Re1 f5 28. Bc1 Qc7 29. Kf2 Qa5 30. Re2 Rxe2+ 31. Qxe2 Qxc3 32. Bb2 Qa5 33. a3 Qb6 34. Qe3 Na5 35. b4 Nc4 36. Qc3 Qf6 37. Bc1 Qh4+ 38. Kf1 Qe4 39. Kf2 b5 40. Kf1 g5 41. Qe1 f4 42. h4 Ne3+ 43. Bxe3 fxe3 44. hxg5 Qxd4 45. Ke2 Qe4 46. Qg3 d4 47. g6 Qc2+ 48. Kf3 Qc6+ 49. Ke2 Qe8 50. Qd6 a6 51. g4 Kh8 52. Qh2+ Kg8 53. Qh4 Kf8 54. Qh8+ Ke7 55. Qxg7+ Ke6 56. Qxd4 Qxg6 57. Qb6+ Kf7 58. Qxg6+ Kxg6 59. Kxe3 1-0

[Event "Hessenliga 1415"]
[Site "Hessen"]
[Date "2014.11.16"]
[Round "3.4"]
[White "Holzschuh, Gerald"]
[Black "Ottmann, Martin"]
[Result "0-1"]
[WhiteElo "2113"]
[BlackElo "2142"]
[PlyCount "68"]
[EventDate "2014.09.28"]
[EventType "team-tourn"]
[EventRounds "9"]
[EventCountry "GER"]
[SourceTitle "EXT 2016"]
[Source "ChessBase"]
[SourceDate "2015.10.08"]
[SourceVersion "1"]
[SourceVersionDate "2015.10.08"]
[SourceQuality "1"]
[WhiteTeam "Bad Nauheim"]
[BlackTeam "Frankfurt TV"]
[WhiteTeamCountry "GER"]
[BlackTeamCountry "GER"]

1. e4 e5 2. Nf3 Nf6 3. Nxe5 d6 4. Nf3 Nxe4 5. d3 Nf6 6. d4 d5 7. c4 c6 8. Nc3 Be7 9. Bd3 0-0 10. 0-0 dxc4 11. Bxc4 Nbd7 12. Re1 Nb6 13. Bb3 Bg4 14. Bg5 h6 15. Bh4 Nfd5 16. Bxe7 Nxe7 17. h3 Bc8 18. Ne5 Ned5 19. Qf3 Nf6 20. Ne4 Nbd5 21. Rad1 Nxe4 22. Rxe4 g6 23. Rde1 Kg7 24. Qg3 a5 25. a3 a4 26. Ba2 Bf5 27. R4e2 Qb6 28. Rd2 Rad8 29. Nc4 Qc7 30. Qxc7 Nxc7 31. Re7 Nb5 32. Rxb7 Be6 33. d5 Rxd5 34. b3 Nc3 0-1

[Event "Rhein Main op-A 17th"]
[Site "Bad Homburg"]
[Date "2014.06.19"]
[Round "3"]
[White "Malek, Daniel"]
[Black "Holzschuh, Gerald"]
[Result "1-0"]
[WhiteElo "2383"]
[BlackElo "2117"]
[PlyCount "59"]
[EventDate "2014.06.18"]
[EventType "swiss"]
[EventRounds "7"]
[EventCountry "GER"]
[SourceTitle "CBM 161 Extra"]
[Source "ChessBase"]
[SourceDate "2014.08.29"]
[SourceVersion "1"]
[SourceVersionDate "2014.08.29"]
[SourceQuality "1"]

1. d4 d5 2. c4 e6 3. Nc3 c5 4. cxd5 exd5 5. Nf3 Nc6 6. g3 c4 7. Bg2 Bb4 8. 0-0 Nge7 9. e4 0-0 10. exd5 Nxd5 11. Nxd5 Qxd5 12. Be3 Rd8 13. Ne5 Qb5 14. a4 Qa6 15. Nxc6 bxc6 16. Qc2 Be6 17. Rfc1 Bd5 18. Bf1 Qc8 19. Bxc4 Qh3 20. Bxd5 cxd5 21. Qd1 Bd6 22. Rc3 h5 23. Qf3 Rab8 24. b3 Rd7 25. Rac1 Rdb7 26. Qxd5 Rd7 27. Rc8+ Rxc8 28. Rxc8+ Kh7 29. Qe4+ g6 30. Qe8 1-0

[Event "Hessenliga 1314"]
[Site "Germany"]
[Date "2014.04.27"]
[Round "9.7"]
[White "Holzschuh, Gerald"]
[Black "Foermes, Alexander"]
[Result "1-0"]
[WhiteElo "2117"]
[BlackElo "2031"]
[PlyCount "59"]
[EventDate "2013.09.29"]
[EventType "team-tourn"]
[EventRounds "9"]
[EventCountry "GER"]
[SourceTitle "EXT 2015"]
[Source "ChessBase"]
[SourceDate "2014.11.20"]
[SourceVersion "1"]
[SourceVersionDate "2014.11.20"]
[SourceQuality "1"]
[WhiteTeam "Bad Nauheim"]
[BlackTeam "Marburg"]
[WhiteTeamCountry "GER"]
[BlackTeamCountry "GER"]

1. e4 c5 2. c3 Nf6 3. e5 Nd5 4. d4 cxd4 5. Nf3 Nc6 6. cxd4 d6 7. Bc4 Nb6 8. Bb3 dxe5 9. Nxe5 Nxe5 10. dxe5 Qxd1+ 11. Bxd1 Bf5 12. 0-0 e6 13. Be3 Bd3 14. Re1 Bb4 15. Bd2 Be7 16. a4 0-0 17. Bf3 Rfd8 18. Ba5 Rd7 19. Nd2 Rc8 20. Rec1 Rc2 21. Rxc2 Bxc2 22. Bxb6 axb6 23. Nc4 Bc5 24. a5 b5 25. Nd6 Bxd6 26. exd6 Ba4 27. Rc1 f5 28. Bxb7 Rxb7 29. Rc8+ Kf7 30. Rc7+ 1-0

[Event "Hessenliga 1314"]
[Site "Germany"]
[Date "2014.01.12"]
[Round "5.8"]
[White "Merkle, Egon"]
[Black "Holzschuh, Gerald"]
[Result "1/2-1/2"]
[WhiteElo "2160"]
[BlackElo "2117"]
[PlyCount "27"]
[EventDate "2013.09.29"]
[EventType "team-tourn"]
[EventRounds "9"]
[EventCountry "GER"]
[SourceTitle "EXT 2015"]
[Source "ChessBase"]
[SourceDate "2014.11.20"]
[SourceVersion "1"]
[SourceVersionDate "2014.11.20"]
[SourceQuality "1"]
[WhiteTeam "Bad Homburg"]
[BlackTeam "Bad Nauheim"]
[WhiteTeamCountry "GER"]
[BlackTeamCountry "GER"]

1. c4 c5 2. Nf3 Nc6 3. Nc3 e6 4. g3 d5 5. cxd5 exd5 6. d4 c4 7. Bg2 Bb4 8. 0-0 Nge7 9. a3 Ba5 10. Ne5 0-0 11. e4 Be6 12. Be3 f6 13. Nxc6 bxc6 14. Na4 1/2-1/2

[Event "Rhein Main op-A 15th"]
[Site "Bad Homburg"]
[Date "2012.06.07"]
[Round "2"]
[White "Holzschuh, Gerald"]
[Black "Wagner, Dirk"]
[Result "1/2-1/2"]
[WhiteElo "2126"]
[BlackElo "2007"]
[PlyCount "107"]
[EventDate "2012.06.06"]
[EventType "swiss"]
[EventRounds "7"]
[EventCountry "GER"]
[SourceTitle "EXT 2013"]
[Source "ChessBase"]
[SourceDate "2012.11.22"]
[SourceVersion "1"]
[SourceVersionDate "2012.11.22"]
[SourceQuality "1"]

1. Nf3 Nf6 2. g3 g6 3. Bg2 Bg7 4. 0-0 0-0 5. c4 d6 6. Nc3 c5 7. d4 Nc6 8. d5 Na5 9. Nd2 a6 10. a4 Rb8 11. Qc2 e6 12. e4 exd5 13. cxd5 b5 14. axb5 axb5 15. Re1 Ng4 16. h3 Ne5 17. f4 Nec4 18. Nxc4 bxc4 19. Bf1 Nb3 20. Ra3 Nxc1 21. Qxc1 Bd4+ 22. Kh2 Rb4 23. Nd1 Qb6 24. Bxc4 Bxb2 25. Nxb2 Rxb2+ 26. Re2 Rb1 27. Qc2 Rb4 28. Ra2 f6 29. Qc3 Rb1 30. Reb2 Rxb2+ 31. Rxb2 Qc7 32. Kg2 Qe7 33. e5 fxe5 34. fxe5 Bb7 35. exd6 Qe4+ 36. Kh2 Bxd5 37. Bxd5+ Qxd5 38. Rd2 Qe6 39. Qxc5 Rd8 40. Qd4 Rd7 41. Kg2 h6 42. h4 Kh7 43. Qf4 Kg7 44. g4 Kh7 45. Qd4 h5 46. g5 Kg8 47. Kg3 Qe1+ 48. Kh2 Qe6 49. Kg2 Kh7 50. Qf4 Kg8 51. Qb4 Kh7 52. Qf4 Kg8 53. Qd4 Kh7 54. Qf4 1/2-1/2

[Event "Frankfurt-chA"]
[Site "Frankfurt"]
[Date "2012.06.04"]
[Round "5"]
[White "Holzschuh, Gerald"]
[Black "Goldt, Rainer"]
[Result "1-0"]
[WhiteElo "2007"]
[BlackElo "1852"]
[PlyCount "61"]
[EventDate "2012.04.30"]
[EventType "swiss"]
[EventRounds "7"]
[EventCountry "GER"]
[SourceTitle "EXT 2013"]
[Source "ChessBase"]
[SourceDate "2012.11.22"]
[SourceVersion "1"]
[SourceVersionDate "2012.11.22"]
[SourceQuality "1"]

1. c4 f5 2. Nc3 Nf6 3. Nf3 e6 4. g3 d5 5. d4 c6 6. cxd5 exd5 7. Bg2 Bd6 8. a3 0-0 9. 0-0 a5 10. Bf4 Na6 11. e3 Nc7 12. Ne2 Ne6 13. Bxd6 Qxd6 14. Nf4 Ne4 15. Rc1 g5 16. Nd3 Bd7 17. Nfe5 Be8 18. f3 Nf6 19. Rc3 f4 20. Qc1 Nd7 21. Bh3 fxg3 22. hxg3 Nxe5 23. dxe5 Qe7 24. f4 gxf4 25. exf4 Nd4 26. Qe3 Nb5 27. Rc2 Bd7 28. f5 d4 29. Qh6 Be8 30. f6 Qc7 31. Be6+ 1-0

[Event "Frankfurt-chA"]
[Site "Frankfurt"]
[Date "2012.05.31"]
[Round "4"]
[White "Goreacinic, Dmitri"]
[Black "Holzschuh, Gerald"]
[Result "1-0"]
[WhiteElo "2231"]
[BlackElo "2007"]
[PlyCount "72"]
[EventDate "2012.04.30"]
[EventType "swiss"]
[EventRounds "7"]
[EventCountry "GER"]
[SourceTitle "EXT 2013"]
[Source "ChessBase"]
[SourceDate "2012.11.22"]
[SourceVersion "1"]
[SourceVersionDate "2012.11.22"]
[SourceQuality "1"]

1. d4 Nf6 2. c4 c5 3. d5 e6 4. Nc3 exd5 5. cxd5 d6 6. e4 g6 7. h3 Bg7 8. Nf3 0-0 9. Bd3 a6 10. a4 Re8 11. 0-0 h6 12. Re1 Nbd7 13. Bf4 Nf8 14. Bh2 g5 15. e5 dxe5 16. Nxe5 N6d7 17. Nc4 Rxe1+ 18. Qxe1 Nb6 19. Nd6 Bd4 20. a5 Nbd7 21. Nf5 h5 22. d6 Nf6 23. Nxd4 cxd4 24. Na4 Bd7 25. Nc5 g4 26. Qe5 N8h7 27. h4 Bc6 28. Qxd4 Nd7 29. Nxd7 Bxd7 30. Qe4 Nf8 31. Qxb7 Rc8 32. Bg3 Ng6 33. Bxg6 fxg6 34. Qd5+ Kg7 35. Be5+ Kf8 36. Bf4 Bc6 1-0

[Event "Rhein Main op-A 14th"]
[Site "Bad Homburg"]
[Date "2011.06.23"]
[Round "2"]
[White "Holzschuh, Gerald"]
[Black "Perske, Thore"]
[Result "1-0"]
[WhiteElo "2139"]
[BlackElo "1862"]
[PlyCount "97"]
[EventDate "2011.06.22"]
[EventType "swiss"]
[EventRounds "7"]
[EventCountry "GER"]
[SourceTitle "EXT 2012"]
[Source "ChessBase"]
[SourceDate "2011.11.24"]
[SourceVersion "1"]
[SourceVersionDate "2011.11.24"]
[SourceQuality "1"]

1. e4 e6 2. d4 d5 3. exd5 exd5 4. Nf3 Bd6 5. c4 c6 6. Nc3 Ne7 7. Be2 0-0 8. h3 dxc4 9. Bxc4 Nd7 10. 0-0 Nb6 11. Bb3 Bf5 12. Re1 Qd7 13. Ne5 Bxe5 14. dxe5 Ned5 15. Ne4 Bxe4 16. Rxe4 Rae8 17. Qe2 Qe7 18. Bc2 Nd7 19. Be3 Nxe3 20. Rxe3 Qc5 21. Re1 Kh8 22. b4 Qb5 23. Qg4 Rd8 24. a4 Qb6 25. Qf5 g6 26. Qe4 c5 27. b5 Rde8 28. Qd3 Qc7 29. Qc3 Kg8 30. Bb3 Nb6 31. e6 c4 32. e7 Nd5 33. exf8Q+ Rxf8 34. Qxc4 Qxc4 35. Bxc4 Nxe3 36. Rxe3 Rc8 37. Bb3 a6 38. Re7 axb5 39. axb5 Rc3 40. Bxf7+ Kf8 41. Rxb7 Rc1+ 42. Kh2 Rc2 43. Kg3 Rc3+ 44. f3 Rc5 45. b6 Rg5+ 46. Kf2 Rb5 47. Bc4 Rc5 48. Ba6 Ra5 49. Ra7 1-0

[Event "Frankfurt-ch"]
[Site "Frankfurt"]
[Date "2011.05.30"]
[Round "5"]
[White "Gutacker, Stephan"]
[Black "Holzschuh, Gerald"]
[Result "1/2-1/2"]
[WhiteElo "1949"]
[BlackElo "2139"]
[PlyCount "50"]
[EventDate "2011.05.02"]
[EventType "swiss"]
[EventRounds "7"]
[EventCountry "GER"]
[SourceTitle "EXT 2012"]
[Source "ChessBase"]
[SourceDate "2011.11.24"]
[SourceVersion "1"]
[SourceVersionDate "2011.11.24"]
[SourceQuality "1"]

1. e4 d6 2. d4 g6 3. Nc3 Bg7 4. Bc4 Nf6 5. Nf3 c6 6. a4 0-0 7. Bb3 Bg4 8. Be3 Nbd7 9. h3 Bxf3 10. Qxf3 e5 11. 0-0 Qe7 12. Rad1 b6 13. Qe2 Nh5 14. Qd2 Rad8 15. f4 exf4 16. Bxf4 Nxf4 17. Qxf4 Bf6 18. Ne2 Kh8 19. Rd3 Bg5 20. Qg4 h5 21. Qg3 Bh4 22. Qf4 Bg5 23. Qg3 Bh4 24. Qf4 Bg5 25. Qg3 Bh4 1/2-1/2

[Event "Frankfurt-ch"]
[Site "Frankfurt"]
[Date "2011.05.23"]
[Round "4"]
[White "Holzschuh, Gerald"]
[Black "Zimmer, Gerald"]
[Result "0-1"]
[WhiteElo "2139"]
[BlackElo "1944"]
[PlyCount "66"]
[EventDate "2011.05.02"]
[EventType "swiss"]
[EventRounds "7"]
[EventCountry "GER"]
[SourceTitle "EXT 2012"]
[Source "ChessBase"]
[SourceDate "2011.11.24"]
[SourceVersion "1"]
[SourceVersionDate "2011.11.24"]
[SourceQuality "1"]

1. e4 e6 2. d4 d5 3. exd5 exd5 4. Nf3 Bg4 5. Be2 Nf6 6. h3 Bh5 7. 0-0 Bd6 8. c4 c6 9. Re1 0-0 10. g4 Bg6 11. Ne5 Nbd7 12. Bf1 Re8 13. f4 Bxb1 14. Rxb1 dxc4 15. Bxc4 Nd5 16. g5 f6 17. Ng4 fxg5 18. fxg5 Qa5 19. Re2 Qb4 20. Ne3 Qa5 21. Bd2 Qb6 22. Be1 Qd8 23. Nxd5 cxd5 24. Bxd5+ Kh8 25. Rxe8+ Qxe8 26. Qg4 Rc8 27. Bxb7 Rc2 28. Bf2 Qf7 29. Bf3 Qxa2 30. Re1 Nf8 31. Qf5 Qxb2 32. Re8 Qb1+ 33. Kg2 Rxf2+ 0-1

[Event "Hessenliga 1011"]
[Site "Germany"]
[Date "2011.01.23"]
[Round "5.5"]
[White "Holzschuh, Gerald"]
[Black "Nimsch, Helmut"]
[Result "1-0"]
[WhiteElo "2139"]
[BlackElo "2077"]
[PlyCount "51"]
[EventDate "2010.09.26"]
[EventType "team-tourn"]
[EventRounds "9"]
[EventCountry "GER"]
[SourceTitle "EXT 2012"]
[Source "ChessBase"]
[SourceDate "2011.11.24"]
[SourceVersion "1"]
[SourceVersionDate "2011.11.24"]
[SourceQuality "1"]
[WhiteTeam "Bad Nauheim"]
[BlackTeam "Frankfurt BvK II"]
[WhiteTeamCountry "GER"]
[BlackTeamCountry "GER"]

1. e4 c5 2. c3 d5 3. exd5 Qxd5 4. d4 e6 5. Nf3 cxd4 6. cxd4 Nf6 7. Nc3 Qd8 8. Bg5 Be7 9. Bd3 0-0 10. 0-0 Nc6 11. Rc1 Nb4 12. Bb1 b6 13. a3 Nbd5 14. Ne5 Bb7 15. Re1 Rc8 16. a4 Nxc3 17. Rxc3 Rxc3 18. bxc3 Qd5 19. f3 Qa5 20. Bd2 Rd8 21. Bd3 Qd5 22. Qe2 Qa2 23. Bc4 Qxa4 24. Nxf7 Rd5 25. Qxe6 Qxc4 26. Nh6+ 1-0

[Event "Frankfurt-ch"]
[Site "Frankfurt"]
[Date "2010.05.10"]
[Round "3"]
[White "Wahedi, Ahmad Siar"]
[Black "Holzschuh, Gerald"]
[Result "1-0"]
[WhiteElo "2298"]
[BlackElo "2139"]
[PlyCount "75"]
[EventDate "2010.04.26"]
[EventType "swiss"]
[EventRounds "7"]
[EventCountry "GER"]
[SourceTitle "EXT 2011"]
[Source "ChessBase"]
[SourceDate "2010.11.26"]
[SourceVersion "1"]
[SourceVersionDate "2010.11.26"]
[SourceQuality "1"]

1. e4 d6 2. Nc3 g6 3. Bc4 Bg7 4. f4 c6 5. a4 b6 6. Nf3 e6 7. Qe2 Ne7 8. d3 Ba6 9. Bxa6 Nxa6 10. 0-0 Nc7 11. Bd2 Qd7 12. Qf2 0-0 13. Qh4 f6 14. g4 h6 15. Qg3 Kh7 16. h4 Rg8 17. g5 f5 18. gxh6 Bxh6 19. Rae1 Raf8 20. Re2 Rg7 21. Nd1 fxe4 22. dxe4 d5 23. Bc3 d4 24. Nxd4 e5 25. fxe5 Rxf1+ 26. Kxf1 c5 27. e6 Qd8 28. Nf3 Qxd1+ 29. Re1 Qd8 30. Bxg7 Bxg7 31. Ng5+ Kg8 32. Ke2 Qc8 33. Qf4 Nc6 34. Qf7+ Kh8 35. Qxg6 Nd4+ 36. Kd1 Kg8 37. Rf1 Ncxe6 38. Qh7# 1-0

[Event "Frankfurt-ch"]
[Site "Frankfurt"]
[Date "2009.06.29"]
[Round "7"]
[White "Holzschuh, Gerald"]
[Black "Isserman, Ryhor"]
[Result "0-1"]
[WhiteElo "2150"]
[BlackElo "2266"]
[PlyCount "82"]
[EventDate "2009.04.27"]
[EventType "tourn"]
[EventRounds "7"]
[EventCountry "GER"]
[SourceTitle "EXT 2010"]
[Source "ChessBase"]
[SourceDate "2010.11.25"]
[SourceVersion "1"]
[SourceVersionDate "2010.11.25"]
[SourceQuality "1"]

1. b4 e5 2. Bb2 d6 3. Nf3 Nf6 4. e3 Be7 5. c4 0-0 6. Be2 e4 7. Nd4 c5 8. Nc2 Nc6 9. b5 Ne5 10. Bxe5 dxe5 11. Nc3 Bf5 12. g4 Be6 13. h4 Nd7 14. d3 Qa5 15. Qd2 exd3 16. Bxd3 Nb6 17. Ne4 Qxd2+ 18. Nxd2 Bxg4 19. a4 a5 20. f3 Be6 21. Ke2 Rad8 22. e4 Rd7 23. Ne3 Rfd8 24. Nd5 Bxd5 25. cxd5 Nxd5 26. exd5 Rxd5 27. Bxh7+ Kxh7 28. Nc4 Rd4 29. Nxa5 Ra8 30. Nxb7 Rd7 31. Nxc5 Bxc5 32. Rhc1 Bd4 33. Ra2 Rda7 34. Rc4 Ra5 35. f4 Rxb5 36. Kd3 f6 37. fxe5 Bxe5 38. Rg2 Rb3+ 39. Ke4 Ra3 40. Kf5 R8xa4 41. Rxa4 Rxa4 0-1

[Event "Hessenliga 0001"]
[Site "Hessen"]
[Date "2001.04.01"]
[Round "9.1"]
[White "Holzschuh, Gerald"]
[Black "Steyer, Bernd"]
[Result "1/2-1/2"]
[WhiteElo "2112"]
[BlackElo "2149"]
[PlyCount "38"]
[EventDate "2000.10.??"]
[EventType "team"]
[EventRounds "9"]
[EventCountry "GER"]
[SourceTitle "EXT 2002"]
[Source "ChessBase"]
[SourceDate "2001.11.25"]
[SourceVersion "1"]
[SourceVersionDate "2001.11.25"]
[SourceQuality "1"]

1. e4 c5 2. c3 d5 3. exd5 Qxd5 4. d4 cxd4 5. cxd4 Nc6 6. Nf3 Bg4 7. Be2 e6 8. h3 Bh5 9. Nc3 Qa5 10. 0-0 Nf6 11. a3 Rd8 12. Be3 Be7 13. b4 Qc7 14. Qb3 0-0 15. Rac1 Qb8 16. Rfd1 Nd5 17. Nxd5 exd5 18. Qc3 Rc8 19. Qd2 Bd6 1/2-1/2

[Event "Hessenliga 0001"]
[Site "Hessen"]
[Date "2001.02.11"]
[Round "6.1"]
[White "Kloninger, Paul"]
[Black "Holzschuh, Gerald"]
[Result "1-0"]
[WhiteElo "2206"]
[BlackElo "2119"]
[PlyCount "74"]
[EventDate "2000.10.??"]
[EventType "team"]
[EventRounds "9"]
[EventCountry "GER"]
[SourceTitle "EXT 2002"]
[Source "ChessBase"]
[SourceDate "2001.11.25"]
[SourceVersion "1"]
[SourceVersionDate "2001.11.25"]
[SourceQuality "1"]

1. d4 Nf6 2. Bg5 e6 3. Nd2 h6 4. Bxf6 Qxf6 5. Ngf3 d5 6. e4 dxe4 7. Nxe4 Qf5 8. Bd3 Qa5+ 9. c3 Nd7 10. 0-0 Be7 11. b4 Qb6 12. Qe2 c6 13. Ne5 Nxe5 14. dxe5 Bd7 15. a4 Rd8 16. Qg4 Kf8 17. Qe2 Be8 18. Rab1 Rd5 19. a5 Qd8 20. Bc4 Rxe5 21. f4 Rf5 22. g4 Rd5 23. Bxd5 cxd5 24. Nc5 Qc8 25. Qe3 Bb5 26. Rf2 Kg8 27. Nb3 a6 28. Nd4 Bc4 29. Rf3 Bd6 30. Re1 Kh7 31. g5 g6 32. gxh6 Bf8 33. Rh3 Kg8 34. f5 exf5 35. Qe8 Qc7 36. Ne6 Qd6 37. Nxf8 Bb5 1-0